Airport codes - the 100 busiest airports - Statistics

General Stats
  • This quiz has been taken 211 times
  • The average score is 43 of 100
Answer Stats
Rank Country Passengers Airport % Correct
1 United States 103,902,992 ATL (Hartsfield–Jackson Atlanta International Airport)
87%
22 United States 59,392,500 JFK (John F. Kennedy International Airport)
84%
15 Turkey 63,859,785 IST (Istanbul Atatürk Airport)
82%
4 United States 84,557,968 LAX (Los Angeles International Airport)
82%
11 Netherlands 68,515,425 AMS (Amsterdam Airport Schiphol)
79%
10 France 69,471,442 CDG (Charles de Gaulle International Airport)
79%
25 Spain 53,386,075 MAD (Adolfo Suárez Madrid–Barajas Airport)
79%
14 Germany 64,500,386 FRA (Frankfurt am Main International Airport)
77%
70 Ireland 29,582,321 DUB (Dublin Airport)
75%
6 United Kingdom 78,014,598 LHR (Heathrow Airport)
75%
18 Singapore 62,219,573 SIN (Singapore Changi Airport)
75%
8 Hong Kong 72,665,078 HKG (Hong Kong International Airport)
73%
36 Mexico 44,732,418 MEX (Mexico City International Airport)
71%
42 Australia 43,410,355 SYD (Sydney Airport)
69%
40 United States 44,071,313 MIA (Miami International Airport)
68%
16 India 63,451,503 DEL (Indira Gandhi International Airport)
67%
3 United Arab Emirates 88,242,099 DXB (Dubai International Airport)
66%
75 United Kingdom 27,901,708 MAN (Manchester Airport)
66%
57 Qatar 35,867,252 DOH (Hamad International Airport)
65%
5 United States 79,828,183 ORD (O'Hare International Airport)
65%
31 United States 46,934,194 SEA (Seattle–Tacoma International Airport)
65%
24 United States 55,822,129 SFO (San Francisco International Airport)
65%
76 Norway 27,482,315 OSL (Oslo Airport, Gardermoen)
64%
2 China 95,786,442 PEK (Beijing Capital International Airport)
63%
55 United States 36,288,042 BOS (Logan International Airport)
62%
86 Belgium 24,783,911 BRU (Brussels Airport)
62%
12 United States 67,092,194 DFW (Dallas-Fort Worth International Airport)
62%
21 Thailand 60,860,557 BKK (Suvarnabhumi Airport)
61%
61 Australia 33,704,854 MEL (Melbourne Airport)
61%
30 Canada 47,054,696 YYZ (Toronto Pearson International Airport)
61%
20 United States 61,379,396 DEN (Denver International Airport)
60%
77 Portugal 26,669,755 LIS (Lisbon Portela Airport)
60%
49 Japan 40,631,193 NRT (Narita International Airport)
60%
7 Japan 76,476,251 HND (Haneda Airport)
56%
27 United States 48,566,803 LAS (McCarran International Airport)
56%
89 Austria 24,392,805 VIE (Vienna International Airport)
56%
28 Spain 47,262,826 BCN (Barcelona–El Prat Airport)
55%
33 United Kingdom 45,561,694 LGW (Gatwick Airport)
55%
72 Denmark 29,177,833 CPH (Copenhagen Airport)
54%
47 Italy 40,968,756 FCO (Leonardo da Vinci–Fiumicino Airport)
53%
35 Taiwan 44,878,703 TPE (Taiwan Taoyuan International Airport)
53%
29 India 47,204,259 BOM (Chhatrapati Shivaji International Airport)
51%
38 Germany 44,577,241 MUC (Munich Airport)
51%
65 Colombia 30,989,932 BOG (El Dorado International Airport)
50%
60 Saudi Arabia 33,917,282 JED (King Abdulaziz International Airport)
48%
23 Malaysia 58,558,440 KUL (Kuala Lumpur International Airport)
48%
19 South Korea 62,157,834 ICN (Incheon International Airport)
47%
48 United States 40,696,189 IAH (George Bush Intercontinental Houston Airport)
46%
39 United States 44,511,265 MCO (Orlando International Airport)
46%
45 China 41,884,059 SHA (Shanghai Hongqiao International Airport)
46%
13 China 65,887,473 CAN (Guangzhou Baiyun International Airport)
45%
44 Philippines 42,022,484 MNL (Ninoy Aquino International Airport)
44%
43 United States 43,393,499 EWR (Newark Liberty International Airport)
42%
41 United States 43,921,670 PHX (Phoenix Sky Harbor International Airport)
42%
68 United States 29,786,769 LGA (LaGuardia Airport)
40%
87 Germany 24,640,564 DUS (Düsseldorf International Airport)
39%
69 United States 29,585,754 PHL (Philadelphia International Airport)
39%
9 China 70,001,237 PVG (Shanghai Pudong International Airport)
38%
71 Switzerland 29,396,094 ZRH (Zürich Airport)
38%
53 United States 38,034,341 MSP (Minneapolis-St Paul International/Wold-Chamberlain Airport)
36%
92 Canada 24,166,122 YVR (Vancouver International Airport)
36%
32 United States 45,909,899 CLT (Charlotte Douglas International Airport)
34%
59 United States 34,701,497 DTW (Detroit Metropolitan Wayne County Airport)
34%
50 Russia 40,092,806 SVO (Sheremetyevo International Airport)
34%
54 Brazil 37,774,000 GRU (São Paulo–Guarulhos International Airport)
33%
96 Mexico 23,601,509 CUN (Cancún International Airport)
31%
95 United Arab Emirates 23,760,561 AUH (Abu Dhabi International Airport)
30%
56 Vietnam 35,900,000 SGN (Tan Son Nhat International Airport)
30%
78 Sweden 26,642,034 ARN (Stockholm Arlanda Airport)
29%
62 United States 32,511,053 FLL (Fort Lauderdale Hollywood International Airport)
29%
91 United States 24,198,816 SLC (Salt Lake City International Airport)
29%
93 United States 23,928,248 DCA (Ronald Reagan Washington National Airport)
28%
73 Japan 27,983,093 KIX (Kansai International Airport)
27%
17 Indonesia 63,015,620 CGK (Soekarno-Hatta International Airport)
26%
63 United States 32,042,475 ORL (Orlando Executive Airport)
24%
79 United States 26,369,411 BWI (Baltimore/Washington International Thurgood Marshall Airport)
22%
66 Russia 30,700,000 DME (Moscow Domodedovo Airport)
22%
99 Australia 23,205,702 BNE (Brisbane International Airport)
21%
85 Saudi Arabia 25,038,000 RUH (King Khaled International Airport)
21%
81 United Kingdom 25,904,573 STN (London Stansted Airport)
19%
100 China 23,129,400 WUH (Wuhan Tianhe International Airport)
18%
74 Spain 27,970,655 PMI (Palma De Mallorca Airport)
16%
83 South Korea 25,267,408 GMP (Gimpo International Airport)
15%
80 Turkey 25,931,659 AYT (Antalya Airport)
14%
64 Turkey 31,385,841 SAW (Sabiha Gökçen International Airport)
14%
97 Japan 23,484,678 FUK (Fukuoka Airport)
13%
52 Thailand 38,299,757 DMK (Don Mueang International Airport)
11%
34 China 45,558,409 SZX (Shenzhen Bao'an International Airport)
11%
84 India 25,047,272 BLR (Kempegowda International Airport)
10%
88 China 24,485,239 XMN (Xiamen Gaoqi International Airport)
10%
51 China 38,715,210 CKG (Chongqing Jiangbei International Airport)
7%
26 China 49,801,693 CTU (Chengdu Shuangliu International Airport)
7%
37 China 44,729,736 KMG (Kunming Changshui International Airport)
7%
58 China 35,570,411 HGH (Hangzhou Xiaoshan International Airport)
6%
82 China 25,822,936 NKG (Nanjing Lukou International Airport)
6%
46 China 41,857,406 XIY (Xi'an Xianyang International Airport)
6%
90 China 24,299,073 CGO (Zhengzhou Xinzheng International Airport)
4%
98 China 23,210,530 TAO (Liuting Airport)
4%
94 China 23,764,820 CSX (Changsha Huanghua International Airport)
3%
67 South Korea 29,846,712 CJU (Jeju International Airport)
2%
No matching quizzes found
Score Distribution
Percent of People with Each Score
Percentile by Number Answered
Your Score History
You have not taken this quiz